000 00567cam a22002053a 4500
001 36576
003 PGUSA
005 20140828083806.0
008 110701s2011||||xxu|||||s|||||000 | eng d
040 _aPGUSA
_beng
042 _adc
100 1 _aHowitt, William
245 1 4 _aThe Student-Life of Germany
_h[electronic resource] /
_cWilliam Howitt
260 _bProject Gutenberg,
_c2011
506 _aPublic domain in the USA.
516 _aElectronic text
830 0 _aProject Gutenberg
_v36576
856 4 0 _uhttp://www.gutenberg.org/ebooks/36576
942 _cEB
999 _c265831
_d265831